| Tag |
First Indicator |
Second Indicator |
Subfields |
| LEADER |
00000cam a2200000 a 4500 |
| 001 |
in00000855682 |
| 005 |
20151019065612.0 |
| 008 |
830411s1982 mdu b f00010 eng d |
| 010 |
|
|
|a gp 85021075
|
| 035 |
|
|
|a (OCoLC)09405357
|
| 035 |
|
|
|9 AED1661AM
|
| 040 |
|
|
|a HMS
|c HMS
|d GPO
|d UtOrBLW
|
| 074 |
|
|
|a 508-F
|
| 086 |
0 |
|
|a HE 20.3614:V 83
|
| 096 |
|
|
|a ZWB 100.3 N277v 1982
|
| 100 |
1 |
|
|a Weise, Frieda O.
|
| 245 |
1 |
0 |
|a Vital and health statistics :
|b a guide to sources of information /
|c compiled by Frieda Weise.
|
| 250 |
|
|
|a Rev. 1982.
|
| 264 |
|
1 |
|a Bethesda, Md. :
|b Reference Section, National Library of Medicine,
|c [1982]
|
| 300 |
|
|
|a 20 pages ;
|c 28 cm.
|
| 336 |
|
|
|a text
|b txt
|2 rdacontent
|
| 337 |
|
|
|a unmediated
|b n
|2 rdamedia
|
| 338 |
|
|
|a volume
|b nc
|2 rdacarrier
|
| 490 |
1 |
|
|a Reference information series
|
| 650 |
|
0 |
|a Health surveys
|x Bibliography.
|
| 651 |
|
0 |
|a United States
|v Statistics, Vital
|x Bibliography.
|
| 650 |
|
2 |
|a Health Surveys
|z United States
|x abstracts.
|
| 650 |
|
2 |
|a Vital Statistics
|z United States
|x abstracts.
|
| 710 |
2 |
|
|a National Library of Medicine (U.S.).
|b Reference Section.
|
| 830 |
|
0 |
|a Reference information series.
|
| 999 |
|
|
|a MARS
|
| 999 |
f |
f |
|s 567cb4db-b15b-33a7-a144-5226b58ac611
|i d71fd0f2-13cd-3ae6-81c6-94c19594534a
|t 0
|
| 952 |
f |
f |
|p normal
|a Texas A&M University
|b College Station
|c Sterling C. Evans Library
|d Evans: US Documents (Annex 5th floor)
|t 0
|e HE 20.3614:V 83
|h Superintendent of Documents classification
|i unmediated -- volume
|m A14814633896
|
| 998 |
f |
f |
|a HE 20.3614:V 83
|t 0
|l Evans: US Documents (Annex 5th floor)
|